Tribhuvan University Central Library

Introduction to management accounting (Record no. 12387)

MARC details
000 -LEADER
fixed length control field 006940000a22002890004500
082 ## - DEWEY DECIMAL CLASSIFICATION NUMBER
Classification number 657
Item number H784i
020 ## - INTERNATIONAL STANDARD BOOK NUMBER
International Standard Book Number 81-203-1146-9
041 ## - LANGUAGE CODE
Language code of text/sound track or separate title Eng
100 ## - MAIN ENTRY--PERSONAL NAME
Personal name Horngren, Charles T.
100 ## - MAIN ENTRY--PERSONAL NAME
Personal name Sundem, Gary L.
100 ## - MAIN ENTRY--PERSONAL NAME
Personal name Stratton, William O.
245 ## - TITLE STATEMENT
Title Introduction to management accounting
250 ## - EDITION STATEMENT
Edition statement 10th edn.
260 ## - PUBLICATION, DISTRIBUTION, ETC. (IMPRINT)
Place of publication, distribution, etc New Delhi
Name of publisher, distributor, etc Prentice Hall of India, India
260 ## - PUBLICATION, DISTRIBUTION, ETC. (IMPRINT)
Date of publication, distribution, etc 1996
300 ## - PHYSICAL DESCRIPTION
Extent xxii,837p.
Other physical details illus
518 ## - DATE/TIME AND PLACE OF AN EVENT NOTE
Date/time and place of an event note 970903
530 ## - ADDITIONAL PHYSICAL FORM AVAILABLE NOTE
Additional physical form available note M
650 ## - SUBJECT ADDED ENTRY--TOPICAL TERM
Topical term or geographic name as entry element Financial Administration
650 ## - SUBJECT ADDED ENTRY--TOPICAL TERM
Topical term or geographic name as entry element Cost accounting
650 ## - SUBJECT ADDED ENTRY--TOPICAL TERM
Topical term or geographic name as entry element Capital
650 ## - SUBJECT ADDED ENTRY--TOPICAL TERM
Topical term or geographic name as entry element Budgetary control
650 ## - SUBJECT ADDED ENTRY--TOPICAL TERM
Topical term or geographic name as entry element Costs
650 ## - SUBJECT ADDED ENTRY--TOPICAL TERM
Topical term or geographic name as entry element Income
650 ## - SUBJECT ADDED ENTRY--TOPICAL TERM
Topical term or geographic name as entry element Accounting
942 ## - ADDED ENTRY ELEMENTS (KOHA)
Koha item type General Collections
Holdings
Withdrawn status Lost status Damaged status Not for loan Home library Current library Date acquired Total Checkouts Barcode Date last seen Date checked out Price effective from
        Tribhuvan University Central Library Tribhuvan University Central Library 06/20/2010 2 114907 01/25/2019 12/26/2018 06/20/2010